| 000 | 00409nam a2200133Ia 4500 | ||
|---|---|---|---|
| 008 | 211109s9999||||xx |||||||||||||| ||und|| | ||
| 082 |
_a894.8123 _bKES-A |
||
| 100 | _aKesava Dev, P | ||
| 245 | 0 | _aAyalkkar | |
| 260 |
_bKamalalya Printing Works _aThiruvananthapuram _c1978 |
||
| 630 | _xGENERAL STACK | ||
| 650 |
_aMALAYALAM LITERATURE _vMalayalam Fiction _xMalayalam NovelsShort StoriesGeneralia |
||
| 942 | _cBOOK | ||
| 999 |
_c74105 _d74105 |
||